| 000 | 00699 a2200205 4500 | ||
|---|---|---|---|
| 020 | _a0444507531 | ||
| 020 | _a9780444507532 | ||
| 082 | _a512.55 | ||
| 090 |
_c1154 _d1154 |
||
| 100 | 1 | _aConstantinescu,Corneliu. | |
| 245 | 1 | 0 |
_aSelected topics. _nVolume 5 / _cCorneliu Constantinescu. |
| 260 |
_a[S.l.] : _bNorth Holland, _c2001. |
||
| 300 |
_a622 p. ; _c24 cm. |
||
| 490 | 1 | _aNorth-holland mathematical library. | |
| 520 | _aHardbound. | ||
| 700 | _aConstantinescu,Corneliu. | ||
| 830 | 0 | _aNorth-holland mathematical library. | |
| 942 |
_aSNS _cBK _k512.55 CON |
||
| 999 |
_c29767 _d29767 |
||